| 000 | 01013 a2200289 4500 | ||
|---|---|---|---|
| 999 |
_c200130565 _d30537 |
||
| 001 | 200130565 | ||
| 003 | TR-AnTOB | ||
| 005 | 20250618090939.0 | ||
| 008 | 160506b 200 tu n0 0 0 | ||
| 022 | _a13032518 | ||
| 040 |
_aTR-AnTOB _beng _cTR-AnTOB _erda |
||
| 041 |
_atur _aeng |
||
| 050 |
_aHC241.25AVR _b.AVR |
||
| 090 | _aHC 241.25 AVR .AVR | ||
| 099 | _aJOURNAL - ANKA AV | ||
| 245 | 0 |
_aAnkara Avrupa çalışmaları dergisi _bAnkara review of European studies.. |
|
| 246 | _aAnkara review of European studies. | ||
| 260 |
_aAnkara: _bAnkara Üniversitesi Avrupa Toplulukları Araştırma ve Uygulama Merkezi |
||
| 300 |
_av. _c24 cm |
||
| 310 | _aYılda iki sayı | ||
| 651 | 0 |
_aAvrupa _xDış İlişkiler _zTürkiye _vSüreli yayınlar _993255 |
|
| 651 |
_aEurope _zForeign relations _vTurkey _vPeriodicals _993258 |
||
| 651 | 0 |
_aTürkiye _xDış ilişkiler _zAvrupa _vSüreli yayınlar _993256 |
|
| 651 |
_aTurkey _xForeign relations _zEurope _vPeriodicals _993259 |
||
| 942 |
_cCR _2lcc |
||